Drug and substance abuse in tertiary institutions in Kenya / (Record no. 7901)
[ view plain ]
| 000 -LEADER | |
|---|---|
| fixed length control field | 00590cam a22001932 4500 |
| 001 - CONTROL NUMBER | |
| control field | 0000009401 |
| 005 - DATE AND TIME OF LATEST TRANSACTION | |
| control field | 20151217152054.0 |
| 008 - FIXED-LENGTH DATA ELEMENTS--GENERAL INFORMATION | |
| fixed length control field | 081016s xx 000 0 eng d |
| 020 ## - INTERNATIONAL STANDARD BOOK NUMBER | |
| Terms of availability | Donation |
| 040 ## - CATALOGING SOURCE | |
| Original cataloging agency | KABU |
| Transcribing agency | KABU |
| 245 10 - TITLE STATEMENT | |
| Title | Drug and substance abuse in tertiary institutions in Kenya / |
| Statement of responsibility, etc. | NACADA. |
| 260 ## - PUBLICATION, DISTRIBUTION, ETC. (IMPRINT) | |
| Place of publication, distribution, etc. | Nairobi : |
| Name of publisher, distributor, etc. | NACADA, |
| Date of publication, distribution, etc. | 2006. |
| 300 ## - PHYSICAL DESCRIPTION | |
| Extent | 44 p. ; |
| Dimensions | cm. |
| 650 #0 - SUBJECT ADDED ENTRY--TOPICAL TERM | |
| Topical term or geographic name as entry element | Drug abuse |
| Geographic subdivision | Kenya. |
| -- | 0000153123 |
| 710 2# - ADDED ENTRY--CORPORATE NAME | |
| Corporate name or jurisdiction name as entry element | National Campaign against Drug Abuse (NACADA) |
| -- | 0000160780 |
| 908 ## - PUT COMMAND PARAMETER (RLIN) | |
| Put command parameter | 081016 |
| 950 ## - LOCAL HOLDINGS (RLIN) | |
| -- | 1 |
| Withdrawn status | Lost status | Source of classification or shelving scheme | Not for loan | Home library | Current library | Date acquired | Total Checkouts | Full call number | Barcode | Date last seen | Date last checked out | Price effective from | Koha item type |
|---|---|---|---|---|---|---|---|---|---|---|---|---|---|
| Library of Congress Classification | Kabarak, Main Campus | Kabarak, Main Campus | 17/12/2015 | 1 | HV5824 .Y68D78 c. 2 | 009253 | 12/10/2023 | 28/09/2023 | 17/12/2015 | General Collection |